Research and Development in Japan Awarded the Okochi Memorial Prize 1987

Na minha lista:
Detalhes bibliográficos
Formato: Livro
Idioma:inglês
Publicado em: Tokyo Okochi Memorial Foundation 1987
Edição:1. ed.
Tags: Adicionar Tag
Sem tags, seja o primeiro a adicionar uma tag!

MARC

LEADER 00000nam a2200000 4500
001 c025834
005 20221206140326.7
041 0 |a eng 
044 |a JP 
245 1 0 |a Research and Development in Japan Awarded the Okochi Memorial Prize 1987 
250 |a 1. ed. 
264 1 |a Tokyo  |b Okochi Memorial Foundation  |c 1987 
300 |a 97 s.